Vocabulaire espagnol 6 - Statistiques

Statistiques générales
  • Ce quiz a été pris 322 fois
  • Le résultat moyen est 31 sur 72
Statistiques - réponses
Mots FR Mots ES % Correct
Ville Ciudad
96%
Rue Calle
91%
Voiture Coche
88%
Ecole Escuela
81%
Fleur Flor
80%
Mer Mar
80%
Arbre Arbol
75%
Train Tren
75%
Cinéma Cine
74%
Station Estacion
74%
Gare Estacion
74%
Musée Museo
74%
Hôpital Hospital
72%
Aéroport Aeropuerto
71%
Banque Banco
71%
Banc Banco
71%
Film Pelicula
70%
Vélo Bicicleta
69%
Supermarché Supermercado
66%
Pluie Lluvia
64%
Vent Viento
63%
Parc Parque
62%
Chemin Camino
61%
Pharmacie Farmacia
61%
Boulangerie Panaderia
56%
Entreprise Empresa
54%
Ambulance Ambulancia
53%
Laboratoire Laboratorio
53%
Village Pueblo
52%
Magasin Tienda
52%
Forêt Bosque
51%
Pont Puente
47%
Bateau Barco
43%
Statue Estatua
43%
Herbe Hierba
43%
Nuage Nube
42%
Lac Lago
41%
Centre commercial Centro comercial
40%
Route Ruta
39%
Impôts Impuestos
38%
Vitesse Velocidad
36%
Affiche Cartel
35%
Usine Fabrica
33%
Adresse Direccion
31%
Salon de coiffure Peluqueria
30%
Mairie Ayuntamiento
29%
Souffler Soplar
27%
Boucherie Carniceria
26%
Vitrine Vitrina
26%
Fontaine Fuente
25%
Autoroute Autopista
24%
Montée Subida
23%
Terrain Terreno
22%
Descente Bajada
20%
Commissariat Comisaria
19%
Bijouterie Joyeria
17%
Orage Tormenta
13%
Station essence Gasolinera
12%
Feu Rouge Semaforo rojo
12%
Tramway Tranvia
12%
Rond-point Rotonda
11%
Trottoir Acera
8%
Bureau de tabac Estanco
8%
Place (Garer) Lugar
8%
Parking Estacionamiento
7%
Virage Curva
6%
La Poste El Correo
6%
Eclair (Orage) Relampago
6%
Distributeur Cajero automatico
5%
Passage Piéton Paso peatonal
4%
Lampadaire Farola
2%
Buisson Matorral
0%
Aucun quiz correspondant
Distribution des résultats
% des personnes avec chaque résultat
Percentile par nombre de réponses
Votre historique - résultats
Vous n’avez pas pris ce quiz